|
|
|
|
| LEADER |
00000cam a2200000 7i4500 |
| 001 |
0000021928 |
| 005 |
20080903.0 |
| 008 |
080724 |
| 020 |
|
|
|a 11110552
|
| 090 |
0 |
0 |
|a 808.8194811
|b VAI
|
| 100 |
1 |
|
|a Vairamuthu
|
| 245 |
1 |
0 |
|a Derma darah (Tamil)
|c Vairamuthu
|
| 260 |
|
|
|a Chennai :
|b Surya ,
|c 2005
|
| 650 |
|
0 |
|a Poetry
|x collections
|
| 650 |
|
0 |
|a Tamil poetry
|x collections
|
| 999 |
|
|
|a 0001033277
|b Book
|c Tamil Collection
|e Cawangan Segamat
|
| 999 |
|
|
|a 0001033278
|b Book
|c Tamil Collection
|e Perbadanan Perpustakaan Awam Johor
|
| 999 |
|
|
|a 0001033279
|b Book
|c Tamil Collection
|e Perbadanan Perpustakaan Awam Johor
|